| 000 | 00910cim a22003015a 4500 | ||
|---|---|---|---|
| 001 | 12460930 | ||
| 003 | OSt | ||
| 005 | 20140310184413.0 | ||
| 007 | sd|zsngnnmmned | ||
| 008 | 010705s2000 xxuuun | ||
| 010 | _a 2001565467 | ||
| 020 | _a0439323371 | ||
| 040 |
_aDLC _cDLC |
||
| 050 | 0 | 0 |
_aBJ 1631 _b.C465 2001 |
| 100 |
_aCanfield,Jack _99821 |
||
| 245 | 0 | 0 |
_aChicken soup for the preteen soul : _b101 stories of changes, choices, and growing up for kids ages 9-13 / _cJack Canfiled |
| 260 |
_a[United States] : _bHealth Communications, _c2001 |
||
| 300 |
_a386 p. : _bill, ; _c22 cm. |
||
| 521 | _aG5 | ||
| 526 | _c780 | ||
| 562 | _e1 | ||
| 650 |
_aPreteens _xConduct of life _xAnecdotes _926254 |
||
| 650 |
_aConduct of life. _91175 |
||
| 906 |
_a0 _bibc _csrrepla _d3 _encip _f20 _gy-genmusic |
||
| 942 |
_2lcc _cBK-SCHOLAS |
||
| 999 |
_c34125 _d34125 |
||